00469nam a2200169 450000500170000000800410001702000180005804100120007608200160008810000270010424500500013126000560018130000080023736500180024565000120026370000240027520251009132904.0251003b |||||||| |||| 00| 0 eng d a9788197025747 aMarathi a891.46bSAP aSapre Sadanand Damodar aPratyek Rashtrabhaktache Swapna Akhand Bharat aPunebBharatiya Vichar Sadhana Pune Prakashanc1999 a116 b105.00cRs.00 aGeneral aBhagwat Chittranjan